LEADER 02580nam0-22004091i-450- 001 990001618020403321 005 20140227091737.0 012 $av. 1: 2.n. 3.s. lia. disi (3) 1730 (R)$2fei$5IT-NA0274 012 $av. 2: sioi eas. o-a. tefi (3) 1730 (R)$2fei$5IT-NA0274 035 $a000161802 035 $aFED01000161802 035 $a(Aleph)000161802FED01 035 $a000161802 100 $a20030910d1730----km-y0itay50------ba 101 0 $aita 102 $aIT 105 $af-------001yy 140 $aa-------aka---------b-0001-- 141 $aaf-b0bc-$5ITNA0274------------------------------------------------------------------- 200 1 $aDella storia naturale delle gemme, delle pietre, e di tutti i minerali, ovvero della fisica sotterranea di Giacinto Gimma ... in cui delle gemme, e delle pietre stesse si spiegano la nobiltà, i nomi, i colori, le spezie, i luoghi, la figura, la generazione, la grandezza, la durezza, la madrice, l'uso, le virtù, le favole: ... divisa in libri 6. o tomi 2. colle tavole de' capitoli nel primo: de' nomi delle pietre, e delle cose notabili nel secondo. Tomo 1. [- 2.] 210 $aIn Napoli$cnella stamperia di Gennaro Muzio$d1730 215 $a2 v., [1] c. di tav.$d22 cm 306 $aL'antiporta del primo tomo è incisa da Antonio Baldi e presenta una figura allegorica sovrastata da ritratto entro cornice ovale 307 $ainiziali decorate, testatini, finalini 316 $acarte fortemente brunite$5IT-NA0274 317 $asul piatto anteriore di entambi i tomi timbro di possesso con collocazione: "R. Scuola d'Agricoltura-Portici"$5IT-NA0274 317 $ail piatto anteriore di entrambi i tomi presenta, nella parte centrale, un piccolo timbro circolarecon cerchi tre cerchi concetrici, forse monogrammato (GD?)$5IT-NA0274 620 $aItalia$dNapoli 700 1$aGimma,$bGiacinto$f<1668-1735>$069000 719 00$aMuzio,$gGennaro$4610 801 0$aIT$bUNINA$gREICAT$2UNIMARC 901 $aAQ 912 $a990001618020403321 952 $a60 094.2 B 82$b590/91$fFAGBC 959 $aFAGBC 996 $aDella storia naturale delle gemme, delle pietre, e di tutti i minerali, ovvero della fisica sotterranea di Giacinto Gimma ... in cui delle gemme, e delle pietre stesse si spiegano la nobiltà, i nomi, i colori, le spezie, i luoghi, la figura, la generazione, la grandezza, la durezza, la madrice, l'uso, le virtù, le favole: ... divisa in libri 6. o tomi 2. colle tavole de' capitoli nel primo: de' nomi delle pietre, e delle cose notabili nel secondo. Tomo 1.$9369686 997 $aUNINA